00680nam a2200181 a 450000100100000000500170001000800410002704000250006808200150009310000340010824500380014226000400018030000200022004900090024095201130024995201190036299900170048100002996520200930055939.0110427s1971 dr 000 0 spa d aDO-SdBNPbspacBNPHU axxxbS961r1 aSuriñach, Ramón A.95582310aRetorno /cRamón A. Suriñach. aSanto Domingo :bEnriquillo,c1971. a30 p. ;c22 cm. aBNPD 0010718PDaPDbPDcCTd2011-04-27iLF1l0oxxx S961rp29965-10r2020-06-25w2020-06-25yLFPDZNo se presta 0010718PDaPDbPDcCTd2011-04-27iLF1l0oxxx S961rp29965-20r2020-06-25te. 2w2020-06-25yLFPDZNo se presta c29457d29457